MARC

LEADER 00000nam0a2200000 4500
001 90012
005 20231101213706.0
020 |a RU  |b 87-53056 
035 |a (RuTPU)RU\TPU\book\96547 
090 |a 90012 
100 |a 20060202d1987 k y0rusy5003 ca 
101 0 |a rus 
102 |a UA 
105 |a a g 001zy 
200 1 |a Физические свойства алмаза  |e справочник  |f Академия Наук СССР; Институт сверхтвердых материалов; под ред. Н. В. Новикова 
210 |a Киев  |c Наукова думка  |d 1987 
215 |a 189 с.  |c ил. 
320 |a Библиогр.: с. 168-186. 
320 |a Предметный указатель: с. 187-188. 
606 1 |a Алмазы  |x Физические свойства  |2 stltpush  |3 (RuTPU)RU\TPU\subj\72269  |9 85833 
610 1 |a физика 
610 1 |a фазовое равновесие 
610 1 |a кристалломорфология 
610 1 |a механические свойства 
610 1 |a магнитные свойства 
610 1 |a оптические свойства 
610 1 |a классификация 
610 1 |a справочники 
610 1 |a алмазы 
675 |a 549.21(035)  |z rus  |v 3 
702 1 |a Новиков  |b Н. В.  |g Николай Васильевич  |4 340 
712 0 2 |a Академия наук Украинской ССР (АН УССР)  |b Институт сверхтвердых материалов (ИСМ)  |c (Киев)  |2 stltpush  |3 (RuTPU)RU\TPU\col\2641 
801 0 |a RU  |b RuMRKP  |c 19960705  |g psbo 
801 1 |a RU  |b 63413507  |c 20060202  |g PSBO 
801 2 |a RU  |b 63413507  |c 20220803  |g PSBO 
942 |c BK